Письмо Бороздина К. А. к Никете Сергеевичу …, с приложением печатного текста воспоминаний Бороздина о Лорис-Меликове

RUSMARC
00005383nac2a22003613x 450
0013962f63e-9416-4f3a-b178-7d069185d2db
00520240819191330.0
100##$a20240716l1889 k y0rusy50 ca
1010#$arus
102##$aRU
105##$ay z |||||
1220#$ad18890204
2001#$aПисьмо Бороздина К. А. к Никете Сергеевичу …, с приложением печатного текста воспоминаний Бороздина о Лорис-Меликове
$j04.02.1889
215##$a6 листов
$d33,8 х 24,8
251##$cДело
300##$aЗаголовок дела на папке: Письмо Бороздина К. А. к Никите Сергеевичу … с приложением печатного текста "Воспоминания о графе М. Т. Лорис-Меликове"
300##$aЛисты: 1 - письмо; 2-6 - печатный экземпляр
300##$aРукописный и типографский текст
325##$aЗамикрофильмировано
330##$aВходит в раздел описи: Отзывы прессы о Лорис-Меликове М. Т.
461#0$1001cda3d175-ae4a-411a-8dea-9cc20fb178f6
$12001
$aЛорис-Меликов Михаил Тариелович, граф, министр внутренних дел, главный начальник "верховной распорядительной комиссии по охранению государственного порядка и общественного спокойствия", генерал от кавалерии
$1251
$cФонд
$1852
$j569
462#0$1001163e060a-d7cc-404d-90ee-e28c9801971b
$12001
$aОпись дел фонда М. Т. Лорис-Меликова за 1858-1915 гг.
$vД. 116
$1251
$cОпись
$1852
$j1
5171#$aПисьмо Бороздина К. А. к Никите Сергеевичу … с приложением печатного текста "Воспоминания о графе М. Т. Лорис-Меликове"
600#1$aЛорис-Меликов
$bМ. Т.
$cграф
$gМихаил Тариелович
600#1$aБороздин
$bК. А.
605##$3DITM\AF\0000002775
$aВласть
$lколлекция
$2acquisition_prlib
6101#$aПисьма
$aВоспоминания о Лорис-Меликове
686##$a63.3(2)535-332ю1
$cИстория
$2rubbk
686##$a67.400.6ю1
$cПраво
$2rubbk
700#1$aБороздин
$bК. А.
801#0$aRU
$bGA_RF
801#1$aRU
$bГлавНИВЦ
$c20240716
$2rusmarc
801#2$aRU
$bПБ им. Б.Н. Ельцина
$c20240819
$gRCR
$2rusmarc
852##$aГА РФ
$j116
937##$d193622882
$hГАРФ
035##$aRuPRLIB51076475
856##$uhttp://readingroom.main.prlib.ru/item.aspx?id_node=n193622882&mode=full
Формат отображения